000 02358cas a2200565 4500
999 _c4495
_d4495
001 11242636
003 OSt
005 20240810020004.0
008 810508c19569999ug ar w 0 a0eng
010 _a 80647533
022 _a2220-5101
035 _a(OCoLC)ocm07403485
040 _aKABLIB
_beng
_cKABLIB
_dNST
_dMUL
_dHVL
_dINU
_dOCLCQ
_dOCLCF
_dOCLCQ
_dOCLCA
042 _apcc
043 _af-ug---
050 0 0 _aLAW
050 4 _aKTW2.23.A2
_bU4
082 0 _a348
_223
_bUGA
110 1 _aUganda.
_bHigh Court.
_911755
222 4 _aThe Uganda law reports
245 1 4 _aThe Uganda law reports.
246 1 _iCited as:
_aU.L.R.
260 _aEntebbe,
_bGovt. Printer.
260 2 _31956/1957- :
_aOxford,
_bAfrican Law Reports
260 2 _3<1971-1972>:
_aKampala, Uganda,
_bLaw Development Centre
260 3 _3<2008->:
_aKampala, Uganda,
_bLDC Publishers;
_bLawAfrica Pub. (U) Ltd.
300 _avolumes
_c25 cm
310 _aAnnual
336 _atext
_btxt
_2rdacontent
337 _aunmediated
_bn
_2rdamedia
338 _avolume
_bnc
_2rdacarrier
362 1 _aBegan with vol. 7 (1952-1956).
515 _aIssued in 2 or more pts., <1971-1972>
550 _a"Reports of selected cases decided by the High Court of Uganda during the years ...," 1952/1956.
550 _aCovers decisions of the East African Court of Appeal on appeal from Uganda and decisions of the High Court of Uganda, <1971-1972>
550 _a"Judgments and orders of the Supreme Court of Uganda, the Court of Appeal of Uganda, the Constitutional Court of Uganda, and the High Court of Uganda," <2008->
588 _aLatest issue consulted: 2008.
590 _aSERBIB/SERLOC merged record
650 0 _aLaw reports, digests, etc.
_zUganda.
_911768
650 7 _aLaw reports, digests, etc.
_2fast
_0(OCoLC)fst00994106
_911769
651 7 _aUganda.
_2fast
_0(OCoLC)fst01210282
_911770
710 2 _aCourt of Appeal for East Africa.
_911759
710 1 _aUganda.
_bSupreme Court.
_911760
710 2 _aLaw Development Centre.
_911761
776 0 8 _iOnline version:
_aUganda. High Court.
_tUganda law reports
_w(OCoLC)705816505
780 0 0 _aUganda. High Court.
_tLaw reports, containing cases determined by the High Court of Uganda
_w(OCoLC)174054023
906 _a7
_bcbc
_cserials
_d4
_encip
_f19
_gn-oclcserc
942 _2ddc
_cBOOK
_01